000 01367nam a2200313 a 4500
001 BRCA_3180
005 20190320204142.0
008 160209s1675----enk#---###---#000-0#eng-u
041 _aeng
044 _aenk
084 _a483
_b.S37
_c1675
100 1 _aCervantes Saavedra, Miguel de
_d1547-1616
_9213
245 1 0 _aThe History of the Valorous and Witty Knight-Errant Don Quixote of the Mancha
_cMiguel de Cervantes ; Translated out of the Spanish by T. Shelton.
260 _aLondres
_bR. Scot, T. Basset, F. Wright, R. Choswell
_c1675
300 _a1 v. (en varias paginaciones)
_c30 cm.
500 _aContenido : Primera parte. Prólogo del autor. Algunos versospreliminares. Texto. Segunda parte.Prólogo del autor. Texto
500 _aEdición : Now Newly Corrected and Amended
500 _aReimpresión de la edición anterior, en papel más delgado y estampación menos esmerada Lúdovik Osterc
500 _aQM400
546 _aTexto en : inglés
650 1 4 _aNovela española
_yÉpoca clásica, 1500-1700
_9215
650 1 4 _aLiteratura española
_yÉpoca clásica, 1500-1700
_9216
650 1 4 _aNovela española
_ySiglo XVII
_9217
650 1 4 _aDon Quijote (Personaje ficticio)
_eNovela
_9218
700 1 _aShelton, Thomas
_d?-1626
_eTraductor
_98552
740 0 _aEl Ingenioso Hidalgo Don Quijote de la Mancha
902 _aQFM
942 _2lcc
_cB
999 _c2916
_d2916